Environment conference. 1993 : Thunder Bay, Ontario, Oct. 26 - 28, 1993 /

Uloženo v:
Podrobná bibliografie
Hlavní autor: Easton, C. A.
Médium: Kniha
Jazyk:angličtina
Vydáno: Montreal : Canadian Pulp and Paper Association, 1993
Vydání:[1st ed.]
Témata:
ISBN:1895288517
On-line přístup: Získat plný text
Tagy: Přidat tag
Žádné tagy, Buďte první, kdo vytvoří štítek k tomuto záznamu!

MARC

LEADER 00000nam a2200000 4500
003 SK-BrCVT
005 20220617195838.0
008 960702s1993 xxc e ||||||eng d
020 |a 1895288517 
035 |a CVTIDW0938174 
040 |b slo  |a CVTI SR 
041 0 |a eng 
044 |a xxc 
080 |a 676.088:628.35:504  |2 UDC-MRF 
100 1 |a Easton, C. A. 
242 1 0 |a Konferencia o životnom prostredí. 1993 
245 1 0 |a Environment conference. 1993 :  |b Thunder Bay, Ontario, Oct. 26 - 28, 1993 /  |c Authors: C. A. Easton and Co. 
250 |a [1st ed.] 
260 |a Montreal :  |b Canadian Pulp and Paper Association,  |c 1993 
300 |a 172 s. :  |b grafy, lit., obr., tab. ; 
653 1 |a odpadová voda  |a kal  |a biologická filtrácia  |a ultrafiltračná membrána  |a monitorovanie vodného ekosystému  |a papiereň 
692 |a JB ML PR PO MM 
910 |b A554053  |b A554054 
919 |a 1-895288-51-7 
974 |f Knihy 
992 |a AZN 
999 |c 105493  |d 105493